1 to 100 speedrun - Statistics

General Stats
  • This quiz has been taken 57 times
  • The average score is 68 of 100
Answer Stats
Hint Answer % Correct
1 1
100%
2 2
97%
3 3
91%
4 4
91%
10 10
88%
5 5
88%
6 6
88%
7 7
88%
8 8
88%
9 9
88%
11 11
82%
40 40
82%
12 12
79%
13 13
79%
14 14
79%
21 21
79%
30 30
79%
32 32
79%
35 35
79%
36 36
79%
37 37
79%
38 38
79%
39 39
79%
41 41
79%
42 42
79%
43 43
79%
44 44
79%
15 15
76%
16 16
76%
17 17
76%
18 18
76%
19 19
76%
20 20
76%
22 22
76%
23 23
76%
24 24
76%
25 25
76%
26 26
76%
27 27
76%
28 28
76%
29 29
76%
31 31
76%
33 33
76%
34 34
76%
50 50
76%
55 55
76%
45 45
73%
46 46
73%
47 47
73%
48 48
73%
49 49
73%
60 60
73%
51 51
70%
52 52
70%
53 53
70%
54 54
70%
56 56
70%
57 57
70%
58 58
70%
59 59
67%
61 61
67%
62 62
67%
63 63
67%
64 64
67%
66 66
67%
65 65
64%
67 67
64%
68 68
61%
69 69
58%
70 70
58%
73 73
58%
77 77
58%
71 71
55%
72 72
55%
74 74
55%
80 80
55%
81 81
55%
83 83
55%
84 84
55%
88 88
55%
75 75
52%
76 76
52%
78 78
52%
79 79
52%
82 82
52%
85 85
52%
92 92
52%
93 93
52%
86 86
48%
87 87
48%
90 90
48%
91 91
48%
94 94
48%
89 89
45%
95 95
45%
99 99
45%
100 100
42%
96 96
39%
97 97
39%
98 98
39%
No matching quizzes found
Score Distribution
Percent of People with Each Score
Percentile by Number Answered
Your Score History
You have not taken this quiz